000 00609nam a2200205Ia 4500
005 20250508163636.0
008 008 250505s9999 xx 000 0 hin d
020 _a81-86311-26-2
037 _aTextBook
040 _aFEDL
_beng
_cFEDL
041 _ahin
_2eng
084 _a491.4307, NAR/R
_qFEDL
100 _aNarang Veshna
245 0 _aSanprelshanpark hindi bhasha shikshan: Samanya siddhant aur kuch vavharik paksh
260 _aNew Delhi, India
_bPrakashan Sansthan
_c1996
300 _a224p.
365 _aINR
_b200
942 _cTB
_h491.4307, NAR/R
999 _c1384481
_d1384481